000 00331nam a2200133Ia 4500
005 20260326235445.0
008 260326s9999||||xx |||||||||||||| ||und||
100 _aBeard, D.C.
245 0 _aShelters, Shacks and Shanties /
_cD.C. Beard
260 _bScribner
300 _a243 p.
650 _aARQUITECTURA VERNACULAR
942 _cBK
999 _c7557
_d7557